Турция / (Record no. 362416)
[ view plain ]
| 000 -LEADER | |
|---|---|
| fixed length control field | 00662nam a2200205 a 4500 |
| 001 - CONTROL NUMBER | |
| control field | 001128242 |
| 003 - CONTROL NUMBER IDENTIFIER | |
| control field | AM-YeHGA |
| 005 - DATE AND TIME OF LATEST TRANSACTION | |
| control field | 20250617152016.0 |
| 008 - FIXED-LENGTH DATA ELEMENTS--GENERAL INFORMATION | |
| fixed length control field | 160210s1937 ru ab r 000 0 rus d |
| 040 ## - CATALOGING SOURCE | |
| Original cataloging agency | AM-YeHGA |
| 041 0# - LANGUAGE CODE | |
| Language code of text/sound track or separate title | rus |
| 090 ## - LOCALLY ASSIGNED LC-TYPE CALL NUMBER (OCLC); LOCAL CALL NUMBER (RLIN) | |
| -- | 364264 |
| 100 1# - MAIN ENTRY--PERSONAL NAME | |
| Personal name | Мельник, А. |
| 245 10 - TITLE STATEMENT | |
| Title | Турция / |
| Statement of responsibility, etc. | А. Мельник. |
| 260 ## - PUBLICATION, DISTRIBUTION, ETC. | |
| Place of publication, distribution, etc. | Москвa : |
| Name of publisher, distributor, etc. | Издание Гос. Социально-экономического издательства, |
| Date of publication, distribution, etc. | 1937. |
| 300 ## - PHYSICAL DESCRIPTION | |
| Extent | 220 с. : |
| Other physical details | карта. |
| 440 #0 - SERIES STATEMENT/ADDED ENTRY--TITLE | |
| Title | Капиталистический мир в очерках |
| 650 14 - SUBJECT ADDED ENTRY--TOPICAL TERM | |
| Topical term or geographic name entry element | Турция |
| General subdivision | История |
| 651 #4 - SUBJECT ADDED ENTRY--GEOGRAPHIC NAME | |
| Geographic name | Турция |
| Withdrawn status | Lost status | Source of classification or shelving scheme | Damaged status | Not for loan | Collection | Home library | Current library | Date acquired | Total checkouts | Full call number | Barcode | Date last seen | Price effective from | Koha item type | Public note |
|---|---|---|---|---|---|---|---|---|---|---|---|---|---|---|---|
| Universal Decimal Classification | Levonyan Individual Collection | Fundamental Scientific Library | Fundamental Scientific Library | 11/01/2017 | Лев/343 | FL0372532 | 11/01/2017 | 11/01/2017 | Գրքեր / Books | ILL Non-Circ. | |||||
| Universal Decimal Classification | General | Fundamental Scientific Library | Fundamental Scientific Library | 12/03/2019 | РД II/49441 | FL0562701 | 12/03/2019 | 12/03/2019 | Գրքեր / Books | 30 Days Loan |
ՀՀ Գիտությունների ազգային ակադեմիայի հիմնարար գիտական գրադարան = Fundamental Scientific Library of NAS RA
All site content, except where otherwise noted, is licensed under a